<?xml version="1.0" encoding="UTF-8"?><marc:collection xmlns:marc="http://www.loc.gov/MARC21/slim">
  <marc:record>
    <marc:leader>00000nam##2200000za#4500</marc:leader>
    <marc:controlfield tag="001">9.680747</marc:controlfield>
    <marc:controlfield tag="003">CaOODSP</marc:controlfield>
    <marc:controlfield tag="005">20250611103641</marc:controlfield>
    <marc:controlfield tag="007">ta</marc:controlfield>
    <marc:controlfield tag="008">150407|1999||||xxc|||||     f|0| 0 fre|d</marc:controlfield>
    <marc:datafield tag="020" ind1=" " ind2=" ">
      <marc:subfield code="a">0-662-83678-2</marc:subfield>
    </marc:datafield>
    <marc:datafield tag="040" ind1=" " ind2=" ">
      <marc:subfield code="a">CaOODSP</marc:subfield>
      <marc:subfield code="b">fre</marc:subfield>
    </marc:datafield>
    <marc:datafield tag="043" ind1=" " ind2=" ">
      <marc:subfield code="a">n-cn---</marc:subfield>
    </marc:datafield>
    <marc:datafield tag="086" ind1="1" ind2=" ">
      <marc:subfield code="a">A2-190/1999F</marc:subfield>
    </marc:datafield>
    <marc:datafield tag="110" ind1="1" ind2=" ">
      <marc:subfield code="a">Canada. </marc:subfield>
      <marc:subfield code="b">Agriculture et agroalimentaire Canada.</marc:subfield>
    </marc:datafield>
    <marc:datafield tag="245" ind1="1" ind2="0">
      <marc:subfield code="a">Plan d'action du Canada pour la sécurité alimentaire : </marc:subfield>
      <marc:subfield code="b">une réponse au sommet mondial de l'alimentation </marc:subfield>
    </marc:datafield>
    <marc:datafield tag="260" ind1=" " ind2=" ">
      <marc:subfield code="a">Ottawa - Ontario : </marc:subfield>
      <marc:subfield code="b">Agriculture et Agroalimentaire Canada </marc:subfield>
      <marc:subfield code="c">1999.</marc:subfield>
    </marc:datafield>
    <marc:datafield tag="300" ind1=" " ind2=" ">
      <marc:subfield code="a">56p. : </marc:subfield>
      <marc:subfield code="b">ill. ; </marc:subfield>
      <marc:subfield code="c">28 cm.</marc:subfield>
    </marc:datafield>
    <marc:datafield tag="500" ind1=" " ind2=" ">
      <marc:subfield code="a">«La structure du présent document s'inspire du Plan d'action du Sommet mondial de l'alimentation, avalisé par 187 pays au cours du Sommet qui s'est tenu à Rome en 1996. Le Plan d'action du SMA comprend sept engagements, lesquels forment le pivot central du présent document. Dans la partie II, on souligne le plan d'action du Canada sur la scène nationale et dans la partie III, on souligne le plan d'action du Canada sur la scène internationale, comme donateur aux pays en voie de développement (PVD) et aux pays en transition, comme membre de la communauté multilatérale et comme nation commerçante. Après chaque mesure, on indique entre parenthèse les principaux organismes responsables de la mise en application. Enfin, la partie IV expose l'approche du Canada à la mise en Oeuvre et à la surveillance de son plan d'action.»--Page 1.</marc:subfield>
    </marc:datafield>
    <marc:datafield tag="520" ind1="3" ind2=" ">
      <marc:subfield code="a">La structure du présent document s'inspire du Plan d'action du Sommet mondial de l'alimentation, avalisé par 187 pays au cours du Sommet qui s'est tenu à Rome en 1996. Le Plan d'action du SMA comprend sept engagements, lesquels forment le pivot central du présent document. Dans la partie II, on souligne le plan d'action du Canada sur la scène nationale et dans la partie III, on souligne le plan d'action du Canada sur la scène internationale, comme donateur aux pays en voie de développement (PVD) et aux pays en transition, comme membre de la communauté multilatérale et comme nation commerçante. Après chaque mesure, on indique entre parenthèse les principaux organismes responsables de la mise en application. Enfin, la partie IV expose l'approche du Canada à la mise en Oeuvre et à la surveillance de son plan d'action.--Page 1</marc:subfield>
    </marc:datafield>
    <marc:datafield tag="563" ind1=" " ind2=" ">
      <marc:subfield code="a">Couverture souple</marc:subfield>
    </marc:datafield>
    <marc:datafield tag="590" ind1=" " ind2=" ">
      <marc:subfield code="a">99-20</marc:subfield>
      <marc:subfield code="b">1999-05-21</marc:subfield>
    </marc:datafield>
    <marc:datafield tag="691" ind1="0" ind2="7">
      <marc:subfield code="a">Politique agricole</marc:subfield>
      <marc:subfield code="2">gcpds</marc:subfield>
    </marc:datafield>
    <marc:datafield tag="691" ind1="0" ind2="7">
      <marc:subfield code="a">Industrie agro-alimentaire</marc:subfield>
      <marc:subfield code="2">gcpds</marc:subfield>
    </marc:datafield>
    <marc:datafield tag="775" ind1="0" ind2="8">
      <marc:subfield code="t">Canada's action plan for food security : </marc:subfield>
      <marc:subfield code="w">(CaOODSP)9.647322</marc:subfield>
    </marc:datafield>
    <marc:datafield tag="776" ind1="0" ind2="#">
      <marc:subfield code="t">Plan d'action du Canada pour la sécurité alimentaire (1998) </marc:subfield>
      <marc:subfield code="w">(CaOODSP)9.641737</marc:subfield>
    </marc:datafield>
    <marc:datafield tag="986" ind1=" " ind2=" ">
      <marc:subfield code="a">1987F, 1998.</marc:subfield>
    </marc:datafield>
  </marc:record>
</marc:collection>
